Electric Light Orchestra - Sudden Death - Statistics

General Stats
  • This quiz has been taken 66 times
  • The average score is 6 of 15
Answers on the Grid
Answers color-coded by a green-red scale on the quiz's grid according to % correct below.
10538 Overture
Across The Universe
All Around My Hat
Boy Blue
Breakfast in America
Can't Get You Out of My Head
Confusion
Da Ya Think I'm Sexy?
Devil Woman
The Diary of Horace Wimp
Don't Bring Me Down
Eldorado
Hold The Line
It's Over
The King of Rock 'n' Roll
Last Train to London
Livin' On A Prayer
Love Shine a Light
Made of Stone
Mr. Raffles
Nightrider
Rockaria!
Roll With It
Showdown
Strange Town
Sweet Is The Night
Sweet Talkin' Woman
Telephone Line
Wild Wild West
Xanadu
 
Answer Stats
Answer % Correct
Don't Bring Me Down
66%
Last Train to London
61%
10538 Overture
59%
Sweet Talkin' Woman
56%
Telephone Line
54%
The Diary of Horace Wimp
46%
Rockaria!
39%
Showdown
37%
Xanadu
37%
Confusion
34%
Eldorado
32%
It's Over
29%
Sweet Is The Night
27%
Boy Blue
17%
Nightrider
17%
No matching quizzes found
Score Distribution
Percent of People with Each Score
Percentile by Number Answered
Your Score History
You have not taken this quiz